000 00326nam a2200133Ia 4500
005 20251222155153.0
008 251222s9999||||xx |||||||||||||| ||spa||
082 _aADM. 17
100 _aTAYLOS, F. W.
245 0 _aPrincipios de la Administración Científica
250 _a1ra. ed.
264 _bEd.Harcourt
942 _cLIB
999 _c39658
_d39658